Every Class 3 Florida Senator - Statistics

General Stats
  • This quiz has been taken 30 times
    8 since last reset
  • The average score is 4 of 21
Answer Stats
Picture Hint Answer % Correct
R(2011-2025) Marco Rubio
100%
R(2025-) Ashley Moody
50%
D(1987-2005) Bob Graham
50%
D(1855-1868) David Levy Yulee
50%
R(2009-2011) George S. LeMieux
50%
R(2005-2009) Mel Martinez
50%
R(1981-1987) Paula Hawkins
50%
D(1936-1951) Claude D. Pepper
0%
D(1909-1936) Duncan U. Fletcher
0%
R(1969-1975) Edward J. Gurney
0%
D(1951-1969) George A. Smathers
0%
W(1849-1855) Jackson Morton
0%
D(1845-1849) James D. Westcott Jr
0%
D(1975-1981) Richard B. Stone
0%
R(1873-1879) Simon B. Conover
0%
D(1897-1907) Stephen R. Mallory
0%
R(1868-1873) Thomas W. Osborn
0%
D(1879-1897) Wilkinson Call
0%
D(1908-1909) William H. Milton
0%
D(1907-1908) William J. Bryan
0%
D(1936-1936) William L. Hill
0%
No matching quizzes found
Score Distribution
Percent of People with Each Score
Percentile by Number Answered
Your Score History
You have not taken this quiz since the last reset